Step by step treatment of osteoarthritis knee (Record no. 32759)

MARC details
000 -LEADER
fixed length control field 00785nam a2200193 a 4500
008 - FIXED-LENGTH DATA ELEMENTS--GENERAL INFORMATION
fixed length control field 160405s2011 ||||||||||||||||| || u
020 ## - INTERNATIONAL STANDARD BOOK NUMBER
International Standard Book Number 9789380704838
050 ## - LIBRARY OF CONGRESS CALL NUMBER
Classification number RC 931.O67 Rah
100 ## - MAIN ENTRY--PERSONAL NAME
Personal name Rahim Hashmi, Syed Musab
245 10 - TITLE STATEMENT
Title Step by step treatment of osteoarthritis knee
Statement of responsibility, etc. By Syed Musab Rahim Hashmi [and] Lubna Fatima
260 ## - PUBLICATION, DISTRIBUTION, ETC.
Place of publication, distribution, etc. Hyderabad:
Name of publisher, distributor, etc. Jaypee Brothers Medical publishers
Date of publication, distribution, etc. 2011
300 ## - PHYSICAL DESCRIPTION
Extent x, 192p.: ill.
350 ## -
-- 42.00
500 ## - GENERAL NOTE
General note accompanied by a CD-ROM
650 ## - SUBJECT ADDED ENTRY--TOPICAL TERM
Topical term or geographic name entry element KNEE--SURGERY
650 ## - SUBJECT ADDED ENTRY--TOPICAL TERM
Topical term or geographic name entry element OSTEOARTHRITIS--TREATMENT
650 ## - SUBJECT ADDED ENTRY--TOPICAL TERM
Topical term or geographic name entry element OSTEOARTHRITIS--SURGERY
995 ## -
-- MEDICAL LIBRARY OPEN ACCESS
-- 903377
-- CBU-SCHOOL OF MEDICINE LIBRARY (Ndola)
-- 42.00
-- RC 931.O67 Rah
-- 1
-- AVAILABLE
-- Apr 11, 2016
-- 903377
-- Medical Library Open Access Collection
999 ## -
-- 32759
-- 32759
Holdings
Withdrawn status Lost status Source of classification or shelving scheme Damaged status Not for loan Permanent Location Current Location Shelving location Date acquired Total Checkouts Full call number Barcode Date last seen Price effective from Koha item type
          CBU-SCHOOL OF MEDICINE LIBRARY, NDOLA. CBU-SCHOOL OF MEDICINE LIBRARY, NDOLA.   11/30/2022   RC 931.O67 Rah 903377 11/30/2022 11/30/2022 MONOGRAPH